000 00697nam a2200265 i 4500
001 C2-0289192
003 PPAK
005 20180728022049.0
008 080806s2006 nyu |||| ||||| | eng d
020 _a9780385522076
040 _aPPAK
_beng
_cPPAK
_erda
082 0 4 _a339
_223
090 0 0 _a339
_bTOF
_dRLCK
100 1 _aToffler, Alvin,
_eauthor
245 1 0 _aRevolutionary wealth
250 _afirst paperback edition
264 1 _aNew York :
_bCurrency Doubleday ,
_c2006
300 _a490 pages ;
_c21 cm
336 _2rdacontent
_atext
337 _2rdamedia
_aunmediated
338 _2rdacarrier
_avolume
650 1 0 _aEconomic forecasting
700 _eauthor
942 _ddc
_cB
999 _c94681
_d94681